000 00291nam a22001337a 4500
008 170929b xxu||||| |||| 00| 0 eng d
020 _a9781429201889
041 _aeng
080 _a37
100 _a47
101 _aEDU
245 _aSCIENTIFIC TEACHING
_cHANDELSMAN, J
942 _2udc
_cBK
999 _c30799
_d30799